El plan general urbano

Guardat en:
Dades bibliogràfiques
Autor principal: Kent, T. J (Autor)
Format: Llibre
Idioma:espanyol
Publicat: Ciudad de México Roble 1967
Matèries:
Etiquetes: Afegir etiqueta
Sense etiquetes, Sigues el primer a etiquetar aquest registre!

MARC

LEADER 00000nam a2200000 a 4500
001 UCU7843
003 CL-VaPUC
008 960705e19670000MX |||||||||||||||||spa|d
082 0 4 |a 711.4  |b KEN  |2 21 
100 0 |a Kent, T. J  |e author  |9 366935 
245 1 3 |a El plan general urbano 
300 |a 301 p 
942 |c BK 
945 |d 19960705 00:00:00  |a paguirre 
260 |a Ciudad de México  |b Roble  |c 1967 
650 0 |a Planificación urbana   |9 258176 
650 0 |a Ciudades  |9 265474 
650 0 |a Urbanización   |9 265706 
650 7 |a DESARROLLO URBANO  |2 CL-VaPUC  |9 366936 
650 0 |a Renovación urbana   |9 256385 
583 |a last modification  |c 19960705 00:00:00  |k Rodrigo Vera 
999 |c 250404  |d 250402 
952 |0 0  |1 0  |4 0  |6 711_400000000000000_KEN_1967  |7 0  |8 A  |9 268359  |a BIBING  |b BIBING  |d 2019-11-19  |i 1701053  |o 711.4 KEN 1967  |p 1701053  |r 2025-01-20  |w 2019-11-19  |y BK  |k GEO 
952 |0 0  |1 0  |4 0  |6 711_400000000000000_KEN_1967  |7 0  |8 A  |9 268360  |a BIBHIS  |b BIBHIS  |d 2019-11-19  |i 1361805  |o 711.4 KEN 1967  |p 1361805  |r 2025-01-20  |w 2019-11-19  |y BK  |k HIS